| 000 | 01274nam1a22002771i 4500 | ||
|---|---|---|---|
| 001 | rc\2994774 | ||
| 005 | 20240725225606.0 | ||
| 035 | _a(NLR Aleph) 007138559 | ||
| 090 |
_a7031953 _c7031953 |
||
| 100 | _a20090407d1936 |||y0rusy50 ca | ||
| 101 | 0 | _arus | |
| 102 | _aRU | ||
| 105 | _ay z ||||y | ||
| 200 | 1 |
_aОб искусстве _eТ. I- _fДени Дидро _gГос. ин-т искусствознания |
|
| 210 |
_aЛенинград _aМосква _cИскусство _d1936 _e[Ленинград] _gТип. им. Володарского |
||
| 215 | _d17х13 см | ||
| 300 | _aПереплет и титула: Н.М. Лобанов | ||
| 327 | 0 | _aВступ. статья: "Дени Дидро как теоретик и критик изоискусства". А.С. Гущин | |
| 464 | 0 |
_12001#$aДени Дидро как теоретик и критик изоискусства _1700#1$aГущин$bА.С.$4070 _tДени Дидро как теоретик и критик изоискусства _aГущин, А.С. |
|
| 700 | 1 |
_aДидро _bД. _f1713-1784 _gДени |
|
| 702 | 1 |
_aЛобанов _bН.М. _4570 |
|
| 702 | 1 |
_aГущин _bА.С. _4570 |
|
| 801 | 0 |
_aRU _bNLR _gpsbo |
|
| 801 | 1 |
_aRU _bELAR _2rusmarc |
|
| 852 |
_aNLR _j36-16/70 |
||
| 942 | _cBOOK | ||